U.S City Nicknames - Statistics

General Stats
  • This quiz has been taken 32 times
  • The average score is 18 of 26
Answer Stats
Hint Answer % Correct
The Windy City Chicago
100%
City of Angels Los Angeles
100%
The Mile High City Denver
97%
The Big Apple New York City
97%
Sin City Las Vegas
93%
Motor City Detroit
90%
The Twin Cities Minneapolis/St. Paul
90%
Music City Nashville
90%
The City of Brotherly Love Philadelphia
90%
Beantown Boston
86%
The Big Easy New Orleans
86%
Steel City Pittsburgh
86%
Space City Houston
79%
Emerald City Seattle
79%
The Golden City San Francisco
72%
The City in a Forest Atlanta
66%
The Magic City Miami
62%
The Biggest Little City in the World Reno
59%
The Capital of Silicon Valley San Jose
59%
The Crossroads of the Pacific Honolulu
45%
Charm City Baltimore
38%
The City of the Fountains Kansas City
38%
America's Finest City San Diego
34%
The Air Crossroads of the World Anchorage
24%
The Queen City Buffalo
24%
The City Different Santa Fe
7%
No matching quizzes found
Score Distribution
Percent of People with Each Score
Percentile by Number Answered
Your Score History
You have not taken this quiz